| 000 | 00402nam a2200145Ia 4500 | ||
|---|---|---|---|
| 005 | 20251223000720.0 | ||
| 008 | 251222s9999||||xx |||||||||||||| ||spa|| | ||
| 020 | _a94060235 | ||
| 082 | _a338/S29 | ||
| 100 | _aSchwartz, Hugh H. | ||
| 245 | 0 | _aSupply and Marketing Constraints on Latin American Manufacturing Exports | |
| 250 | _a1ra.ed. | ||
| 264 | _bInter-American Development Bank | ||
| 942 | _cLIB | ||
| 999 |
_c41617 _d41617 |
||